|
|
|
|
| LEADER |
00791nam a22002297a 4500 |
| 001 |
29665 |
| 003 |
BD-DhAAL |
| 005 |
20150824152001.0 |
| 008 |
150824s1995 bg ||||| |||| 00| 0 eng d |
| 040 |
|
|
|a BD-DhAAL
|c BD-DhAAL
|
| 082 |
|
|
|2 22
|a 307.1412095492
|
| 245 |
|
|
|a BRAC :
|b rural development programme IV
|
| 260 |
|
|
|a Dhaka :
|b BRAC,
|c 1995
|
| 300 |
|
|
|a 171 p. :
|b ill. ;
|c 29 cm.
|
| 541 |
|
|
|e 29665
|
| 610 |
|
|
|a BRAC (Bangladesh Rural Advancement Committee)
|9 14031
|
| 650 |
|
|
|a Rural development
|z Bangladesh
|9 14032
|
| 710 |
|
|
|a BRAC
|9 14033
|
| 852 |
|
|
|a Ayesha Abed Library
|c General Stacks
|
| 942 |
|
|
|2 ddc
|c BK
|
| 999 |
|
|
|c 35314
|d 35314
|
| 952 |
|
|
|0 0
|1 0
|2 ddc
|4 0
|6 307_141209549200000_BRA
|7 0
|9 55509
|a BRACUL
|b BRACUL
|c GEN
|d 2015-08-24
|l 0
|o 307.1412095492 BRA
|p 3010029665
|r 2015-08-24
|t 1
|w 2015-08-24
|y BK
|